| 000 | 00823cam a2200277 4500 | ||
|---|---|---|---|
| 008 | 090401t1989 xxu||||| |||| 00| 0 eng d | ||
| 020 | _a0563214090 | ||
| 035 | _a(Sirsi) u70543 | ||
| 041 | _aeng | ||
| 050 | _a690.2 | ||
| 090 | _aRICS 1989/5AC | ||
| 100 | _aMorris, Ian | ||
| 245 | _aBazaar property doctor | ||
| 260 |
_aLondon _bBBC Books _c1989 |
||
| 300 | _a144p. ; 18cm. | ||
| 350 | _a2.95 | ||
| 520 | _aIn association with the Royal Institution of Chartered Surveyors . Produced in association with the BBC TV programme Bazaar. | ||
| 650 | _aBRITISH BROADCASTING CORPORATION | ||
| 650 | _aBUILDING DEFECTS | ||
| 650 | _aPROPERTY MAINTENANCE | ||
| 650 | _aREPAIRS | ||
| 650 | _aSTRUCTURAL SURVEYS | ||
| 710 |
_aRoyal Institution of Chartered Surveyors _94900 |
||
| 942 | _n0 | ||
| 948 | _c04/03/1997 | ||
| 999 |
_c95337 _d95337 |
||